000 00793nam a2200229Ia 4500
003 OSt
005 20251110115829.0
008 220923b |||||||| |||| 00| 0 eng d
020 _a9780822313663
037 _cGeneral Book
040 _aRTL
_cRTL
_beng
041 _2eng
_aeng
084 _aY:3(P), N3
_qRTL
100 _aStewart, Susan
_9265893
245 0 _aOn longing: narratives of the miniature, the gigantic, the souvenir the collection
_b
260 _aDurham
_bDuke University Press
_c1993
300 _axiv, 213 p.
_bIncludes bibliographical references and index.
500 _aBibliography: P.193-204
650 _aSociology
_9850503
942 _hY:3(P), N3
_cGB
_2CC
_n0
999 _c546299
_d546299